[Event "Let's Play Chess!"]
[Site "http://www.queenalice.com/game.php?id=1538230"]
[Date "2018.8.9"]
[Round "-"]
[White "korchnoi"]
[Black "papilon_br"]
[Result "0-1"]
[WhiteElo "1744"]
[BlackElo "1851"]

1. e4 e5 2. Nf3 Nf6 3. Bc4 Nc6 4. Nc3 h6 5. d4 Bb4 6. d5 Bxc3+ 7. bxc3 Na5 8.
Nxe5 d6 9. Bb3 Nxb3 10. cxb3 dxe5 11. Qe2 c6 12. dxc6 bxc6 13. O-O O-O 14. Re1
Bb7 15. Bb2 c5 16. f3 Nh5 17. c4 Nf4 18. Qd1 Nd3 19. Re2 Nxb2 20. Rxb2 Qxd1+ 21.
Rxd1 Rad8 0-1

[Event "Let's Play Chess!"]
[Site "http://www.queenalice.com/game.php?id=1538231"]
[Date "2018.8.9"]
[Round "-"]
[White "papilon_br"]
[Black "korchnoi"]
[Result "1-0"]
[WhiteElo "1863"]
[BlackElo "1735"]

1. e4 e5 2. Nf3 d6 3. d4 exd4 4. Nxd4 Nf6 5. Nc3 Be7 6. g3 c5 7. Nf3 O-O 8. Bg2
Nc6 9. O-O Rb8 10. Bg5 b5 11. Nd5 Bb7 12. Nxf6+ Bxf6 13. Bxf6 Qxf6 14. b3 Rfe8
15. Re1 Ne5 16. Nxe5 Qxe5 17. f4 Qc3 18. Qd3 Qxd3 19. cxd3 a5 20. e5 dxe5 21.
Rxe5 Bxg2 22. Rxe8+ Rxe8 23. Kxg2 Re2+ 24. Kh3 Rd2 25. Rc1 Rxd3 26. Rxc5 Rd8 27.
Rxb5 1-0

[Event "Let's Play Chess!"]
[Site "http://www.queenalice.com/game.php?id=1538419"]
[Date "2018.8.11"]
[Round "-"]
[White "Scharlatan"]
[Black "korchnoi"]
[Result "1-0"]
[WhiteElo "2071"]
[BlackElo "1811"]

1. e4 e5 2. Nf3 d6 3. d4 exd4 4. Nxd4 Be6 5. Nxe6 fxe6 6. Qh5+ g6 7. Qg4 Nf6 8.
Qxe6+ Be7 9. Bc4 Rf8 10. Bh6 Rg8 11. Qf7+ Kd7 12. Be6+ Kc6 13. Bh3 b6 14. Qc4+
Kb7 15. Nc3 c5 16. O-O-O Nc6 17. f4 Qc7 18. g3 a6 19. Bg2 Rae8 20. Rhe1 Ng4 21.
Bg5 Bxg5 22. fxg5 1-0

[Event "PIPER DAKOTA IV"]
[Site "http://www.queenalice.com/game.php?id=1538538"]
[Date "2018.8.11"]
[Round "-"]
[White "zubarev"]
[Black "korchnoi"]
[Result "1-0"]
[WhiteElo "1765"]
[BlackElo "1851"]

1. d4 d5 2. Nc3 e6 3. Nf3 Nf6 4. e3 Be7 5. Bd3 O-O 6. Ne5 c6 7. O-O Nbd7 8. f4
Re8 9. Bd2 Nf8 10. Qf3 Ng6 11. Rac1 Bd7 12. Ne2 a6 13. Nxg6 fxg6 14. e4 dxe4 15.
Bxe4 Nxe4 16. Qxe4 Bf6 17. c3 b5 18. Ng3 Qb6 19. Be3 Qb7 20. c4 Qc8 21. Qf3 bxc4
22. Rxc4 a5 23. Ne4 Be7 24. Rd1 Qb8 25. b3 Bb4 26. Ng5 Rf8 27. Ne4 Qe8 28. Ng3
Qf7 29. Ne2 Qf5 30. Ng3 Qb5 31. Ne4 a4 32. Rc2 a3 33. Bd2 Be7 34. Nc5 Bc8 35.
Re1 g5 36. Nxe6 Bxe6 37. Rxe6 Bf6 38. Be3 gxf4 39. Bf2 Rac8 40. Rexc6 Rxc6 41.
Rxc6 Qf5 42. Qd1 f3 43. gxf3 Qg6+ 44. Kh1 Qh5 45. Ra6 Bg5 46. Bg3 h6 47. Rxa3
Rc8 48. Qe2 Qh3 49. Ra7 Rc1+ 50. Be1 Qc8 51. Qe4 Bd8 52. Qe5 Rc7 53. Rxc7 1-0

[Event "PIPER NAVAJO IV"]
[Site "http://www.queenalice.com/game.php?id=1538539"]
[Date "2018.8.11"]
[Round "-"]
[White "korchnoi"]
[Black "zubarev"]
[Result "0-1"]
[WhiteElo "1780"]
[BlackElo "1836"]

1. d4 d5 2. Nf3 Nf6 3. e3 e6 4. Bd3 Bd6 5. O-O Nbd7 6. Re1 O-O 7. Nbd2 Re8 8.
Nf1 e5 9. dxe5 Nxe5 10. Ng3 Nxf3+ 11. Qxf3 Bg4 12. Bxh7+ Kxh7 0-1

[Event "NEW GAME III"]
[Site "http://www.queenalice.com/game.php?id=1538540"]
[Date "2018.8.11"]
[Round "-"]
[White "zubarev"]
[Black "korchnoi"]
[Result "1/2-1/2"]
[WhiteElo "1744"]
[BlackElo "1855"]

1. d4 d5 2. Nf3 e6 3. e3 Nf6 4. Be2 Be7 5. O-O c6 6. Nc3 Nbd7 7. Bd2 Nf8 8. Ne5
Ng6 9. f4 Bd7 10. Qe1 a6 11. Qg3 Qc7 12. Rad1 b5 13. Bf3 a5 14. Nxd7 Qxd7 15. a3
O-O 16. Rfe1 Rab8 17. Ne2 Ne4 18. Bxe4 dxe4 19. Rf1 f5 20. Bxa5 Qb7 21. Bb4 Bf6
22. Bxf8 Rxf8 23. Nc3 Rd8 24. Ne2 Kh8 25. c3 Qe7 26. Nc1 Rc8 27. Na2 Kg8 28. Qe1
Rd8 29. Nb4 Qc7 30. Qd2 c5 31. Na6 Qc6 32. Nxc5 e5 33. Qe2 exd4 34. cxd4 h6 35.
b4 Ne7 36. Rc1 Qb6 37. Qd2 Nd5 38. Rfe1 Nxe3 39. Rxe3 Bxd4 40. Kf2 Bxe3+ 41.
Qxe3 Qf6 42. Qc3 Qh4+ 43. Ke3 Qxh2 44. Rc2 Qg3+ 45. Ke2 Qxg2+ 46. Ke1 Qg1+ 47.
Ke2 Qg2+ 48. Ke1 Qg1+ 49. Ke2 Qg2+ 1/2-1/2

[Event "	NOVO JOGO"]
[Site "http://www.queenalice.com/game.php?id=1538541"]
[Date "2018.8.11"]
[Round "-"]
[White "korchnoi"]
[Black "zubarev"]
[Result "0-1"]
[WhiteElo "1785"]
[BlackElo "1821"]

1. e4 e5 2. Nf3 Nc6 3. Bb5 d6 4. O-O Bd7 5. c3 Be7 6. d3 Nf6 7. Be3 O-O 8. Nbd2
a6 9. Ba4 Bg4 10. Bxc6 bxc6 11. Qc2 Rb8 12. b3 Ne8 13. d4 f5 14. exf5 Bxf5 15.
Qc1 e4 16. Ne1 Bg5 17. Bxg5 Qxg5 18. Nc4 Qg6 19. Nc2 Bh3 20. N2e3 Rf3 21. Kh1 d5
22. Ne5 Qg5 23. Rg1 Rxf2 24. gxh3 Qf4 25. Ng2 Qf5 26. Qe3 Nf6 27. Ng4 Rf3 28.
Nxf6+ Qxf6 29. Qe1 Rxh3 30. Qe2 Qd6 31. Nf4 Rxc3 32. Rxg7+ Kxg7 33. Qg4+ Kh8 34.
Rg1 Qf6 35. Qd7 Rf8 36. Qg4 Rf3 37. Nh3 e3 0-1

[Event "AUTO-ADV-4031"]
[Site "http://www.queenalice.com/game.php?id=1540755"]
[Date "2018.8.31"]
[Round "2"]
[White "korchnoi"]
[Black "dadaspazzi"]
[Result "0-1"]
[WhiteElo "1781"]
[BlackElo "2078"]

1. d4 d5 2. e3 Nc6 3. Nf3 e5 4. dxe5 f6 5. exf6 Nxf6 6. Bd3 Bd6 7. Nc3 Be6 8.
Qe2 O-O 9. Bd2 a6 10. O-O Bg4 0-1

[Event "AUTO-OPEN-3940"]
[Site "http://www.queenalice.com/game.php?id=1543903"]
[Date "2018.9.28"]
[Round "2"]
[White "Fredo"]
[Black "korchnoi"]
[Result "1-0"]
[WhiteElo "1977"]
[BlackElo "1778"]

1. e4 e5 2. Nf3 d6 3. d4 exd4 4. Qxd4 Nc6 5. Bb5 Bd7 6. Bxc6 Bxc6 7. c4 Nf6 8.
Nc3 Be7 9. Bg5 a6 10. O-O O-O 11. Rad1 Qc8 12. Bxf6 Bxf6 13. Qd3 Re8 14. Nd5
Bxd5 15. exd5 Bxb2 16. Ng5 g6 17. Qf3 Rf8 18. Rfe1 Be5 19. h4 h6 20. Ne4 Qd8 21.
h5 f5 22. Ng3 Bxg3 23. Qxg3 g5 24. Re6 Rf7 25. Rxh6 Rg7 26. Re1 f4 27. Qd3 1-0

[Event "AUTO-OPEN-3940"]
[Site "http://www.queenalice.com/game.php?id=1543904"]
[Date "2018.9.28"]
[Round "2"]
[White "korchnoi"]
[Black "Fredo"]
[Result "0-1"]
[WhiteElo "1781"]
[BlackElo "1970"]

1. e4 c5 2. Nf3 d6 3. d3 Nf6 4. Be2 g6 5. Nc3 Bg7 6. Be3 O-O 7. O-O Nc6 8. Re1
Nd7 9. Rb1 e6 10. a3 Nde5 11. Bd2 Nxf3+ 12. Bxf3 Nd4 13. Be2 Nxe2+ 14. Qxe2 Rb8
15. f4 b5 16. Nd1 a5 17. Ne3 Ba6 18. Qf2 c4 19. dxc4 bxc4 20. c3 Qc7 21. Kh1
Rfd8 22. Qg3 Qc6 23. Ng4 Rb7 24. e5 d5 25. Be3 Rdb8 26. Nf6+ Bxf6 27. exf6 h6
28. Bd4 Rxb2 29. Rxb2 Rxb2 30. Qh3 Kh7 31. Qg3 a4 32. Qe3 Rb3 0-1

[Event "AUTO-OPEN-3940"]
[Site "http://www.queenalice.com/game.php?id=1543911"]
[Date "2018.9.28"]
[Round "2"]
[White "korchnoi"]
[Black "Viking_Berseker"]
[Result "1-0"]
[WhiteElo "1813"]
[BlackElo "2113"]

1. e4 e5 2. Nf3 f5 3. Nxe5 Qf6 4. d4 d6 5. Nc4 fxe4 6. Nc3 Qg6 7. Be3 Nf6 8. Qd2
Be7 9. O-O-O O-O 10. Kb1 c6 11. h4 b5 12. g3 bxc4 13. Bxc4+ 1-0

[Event "AUTO-OPEN-3940"]
[Site "http://www.queenalice.com/game.php?id=1543912"]
[Date "2018.9.28"]
[Round "2"]
[White "Viking_Berseker"]
[Black "korchnoi"]
[Result "1-0"]
[WhiteElo "2187"]
[BlackElo "1781"]

1. e4 e5 2. f4 d5 3. exd5 Qxd5 4. Nc3 Qd8 5. fxe5 Nc6 6. Nf3 Be6 7. d4 h5 8. d5
Bxd5 9. Qxd5 Qe7 10. Bb5 Rd8 11. Bxc6+ bxc6 12. Qxc6+ 1-0

[Event "AUTO-OPEN-3945"]
[Site "http://www.queenalice.com/game.php?id=1543918"]
[Date "2018.9.28"]
[Round "2"]
[White "nemeth"]
[Black "korchnoi"]
[Result "1-0"]
[WhiteElo "2353"]
[BlackElo "1773"]

1. e4 e5 2. Nc3 d6 3. Bc4 Nf6 4. d3 Be7 5. f4 exf4 6. Bxf4 Nc6 7. Qd2 Nd4 8.
O-O-O Be6 9. Bb3 Nxb3+ 10. axb3 Qd7 11. h3 a6 12. g4 O-O-O 13. Qf2 Kb8 14. Nf3
h6 15. Nd4 Rhg8 16. Be3 Qe8 17. Rhe1 Nd7 18. Nd5 Bxd5 19. exd5 Ne5 20. Nf5 1-0

[Event "AUTO-OPEN-3945"]
[Site "http://www.queenalice.com/game.php?id=1543919"]
[Date "2018.9.28"]
[Round "2"]
[White "korchnoi"]
[Black "nemeth"]
[Result "0-1"]
[WhiteElo "1783"]
[BlackElo "2352"]

1. d4 Nf6 2. e3 b6 3. Nf3 Bb7 4. Bd3 e6 5. Qe2 Be7 6. Nc3 O-O 7. Bd2 c5 8. dxc5
bxc5 9. O-O d5 10. Qe1 Nbd7 11. a3 e5 12. Bb5 d4 13. exd4 exd4 14. Nb1 Bxf3 15.
gxf3 Bd6 16. Bg5 Re8 17. Qd2 Ne5 18. f4 Nf3+ 0-1

[Event "AUTO-OPEN-3945"]
[Site "http://www.queenalice.com/game.php?id=1543930"]
[Date "2018.9.28"]
[Round "2"]
[White "korchnoi"]
[Black "Sixpack_is_impossible"]
[Result "1-0"]
[WhiteElo "1771"]
[BlackElo "1936"]

1. d4 Nf6 2. e3 d5 3. Nf3 Nc6 4. Bb5 Bd7 5. Nc3 Na5 6. Bxd7+ Qxd7 7. b3 e6 8. a4
Bb4 9. Bd2 Qd6 10. Nb5 Bxd2+ 11. Qxd2 Nc6 12. Nxd6+ cxd6 13. O-O O-O 14. Rfe1
Ne4 15. Qc1 Nb4 16. Rb1 Rac8 17. Nd2 Rxc2 18. Qa3 a5 19. Nxe4 dxe4 20. Rec1 f5
21. Rxc2 Nxc2 22. Qxd6 Rf6 23. Qb8+ Rf8 24. Qxb7 h5 25. Qb6 Rf6 26. Qxa5 Na3 27.
Rc1 1-0

[Event "AUTO-OPEN-3945"]
[Site "http://www.queenalice.com/game.php?id=1543931"]
[Date "2018.9.28"]
[Round "2"]
[White "Sixpack_is_impossible"]
[Black "korchnoi"]
[Result "0-1"]
[WhiteElo "1864"]
[BlackElo "1794"]

1. e4 e5 2. Nf3 d6 3. Nc3 Nf6 4. d3 Be7 5. h3 Be6 6. g4 Nc6 7. g5 Nd7 8. h4 Nc5
9. Be2 Qd7 10. Be3 O-O-O 11. b4 Nd4 12. bxc5 Nxe2 13. Qxe2 dxc5 14. Nxe5 Qe8 15.
Kd2 Kb8 16. a4 f6 17. Nc4 Bxc4 18. Nd5 Bxd5 19. exd5 Rxd5 20. c4 Rd7 21. Qf3
fxg5 22. Rab1 Qc8 23. Rb2 Rhd8 24. hxg5 Rxd3+ 25. Ke2 Bxg5 26. Rd1 Rxd1 27. Bxc5
Qe6+ 0-1